All 1M B Cities on a Map - Statistics

General Stats
  • This quiz has been taken 355 times
  • The average score is 30 of 46
Answers on the Map
Answers color-coded by a green-red scale on the quiz's map according to % correct below.
 
Answer Stats
City % Correct
Barcelona
98%
Berlin
98%
Boston
98%
Brussels
98%
Buenos Aires
98%
Bogotá
97%
Brasília
96%
Bucharest
96%
Budapest
96%
Baghdad
95%
Birmingham
95%
Belgrade
93%
Baku
92%
Bangkok
92%
Brisbane
92%
Beijing
90%
Beirut
88%
Bordeaux
86%
Brazzaville
86%
Busan
86%
Bamako
84%
Bishkek
80%
Bangalore
79%
Buffalo
79%
Belo Horizonte
77%
Bremen
73%
Bangui
69%
Belém
69%
Barranquilla
68%
Bandung
66%
Basrah
60%
Bursa
54%
Bhopal
47%
Benin City
46%
Bhilai
27%
Barquisimeto
23%
Bucaramanga
23%
Baotou
19%
Bandar Lampung
16%
Batam
16%
Baoding
14%
Bhubaneswar
14%
Bareilly
12%
Baoji
9%
Bengbu
8%
Benxi
8%
No matching quizzes found
Score Distribution
Percent of People with Each Score
Percentile by Number Answered
Your Score History
You have not taken this quiz